|
|
|
|
| LEADER |
00000nam1a2200000 4500 |
| 001 |
57655 |
| 005 |
20231031054359.0 |
| 035 |
|
|
|a (RuTPU)RU\TPU\book\60873
|
| 035 |
|
|
|a RU\TPU\book\23926
|
| 090 |
|
|
|a 57655
|
| 100 |
|
|
|a 20031113d2000 m y0rusy50 ca
|
| 101 |
0 |
|
|a rus
|
| 102 |
|
|
|a RU
|
| 200 |
1 |
|
|a Инженерная графика
|e учебное пособие
|f Г. Ф. Винокурова, Б. Л. Степанов
|g Томский политехнический университет
|
| 210 |
|
|
|a Томск
|c Изд-во ТПУ
|d 2000-
|
| 700 |
|
1 |
|a Винокурова
|b Г. Ф.
|g Галина Федоровна
|
| 701 |
|
1 |
|a Степанов
|b Б. Л.
|g Борис Леонидович
|
| 712 |
0 |
2 |
|a Томский политехнический университет
|2 stltpush
|3 (RuTPU)RU\TPU\col\376
|
| 801 |
|
0 |
|a RU
|b 63413507
|c 20011209
|g PSBO
|
| 801 |
|
2 |
|a RU
|b 63413507
|c 20031113
|g PSBO
|
| 942 |
|
|
|c BK
|